| 000 -LEADER |
| fixed length control field |
01107nam a2200217Ia 4500 |
| 001 - CONTROL NUMBER |
| control field |
1255 |
| 003 - CONTROL NUMBER IDENTIFIER |
| control field |
GE_BSU |
| 008 - FIXED-LENGTH DATA ELEMENTS--GENERAL INFORMATION |
| fixed length control field |
181216s||||||||xx |||||||||||||| ||und|| |
| 040 ## - CATALOGING SOURCE |
| Transcribing agency |
GE_BSU |
| 245 ## - TITLE STATEMENT |
| Title |
თხილის მავნებლები, დაავადებები და ბრძოლის ღონისძიებები |
| 245 ## - TITLE STATEMENT |
| Remainder of title |
ჩაის,სუბტროპიკულ კულტურისა და ჩაის მრეწველობის ინსტიტუტი. |
| 260 ## - PUBLICATION, DISTRIBUTION, ETC. |
| Place of publication, distribution, etc. |
ოზურგეთი. |
| 260 ## - PUBLICATION, DISTRIBUTION, ETC. |
| Name of publisher, distributor, etc. |
მერიდიანი. |
| 260 ## - PUBLICATION, DISTRIBUTION, ETC. |
| Date of publication, distribution, etc. |
2010. |
| 300 ## - PHYSICAL DESCRIPTION |
| Extent |
21გვ. 19 სმ. |
| 653 ## - INDEX TERM--UNCONTROLLED |
| Uncontrolled term |
თხილის დაავადებები. |
| 653 ## - INDEX TERM--UNCONTROLLED |
| Uncontrolled term |
თხილის მავნებლები, დაავადებები და ბრძოლის ღონისძიებები |
| 653 ## - INDEX TERM--UNCONTROLLED |
| Uncontrolled term |
ჩაის,სუბტროპიკულ კულტურისა და ჩაის მრეწველობის ინსტიტუტი. |
| 942 ## - ADDED ENTRY ELEMENTS (KOHA) |
| Koha item type |
წიგნი |